00257nam a22001097a 4500008004100000020001800041041000800059080001200067100000600079101000800085245005400093180919b xxu||||| |||| 00| 0 eng d a9781455739080 aeng a616.053 a8 aPED aPediatric Clinics Of North AmericacPatel.D.R